| 000 | 00473nam a22001577a 4500 | ||
|---|---|---|---|
| 008 | 230601b |||||||| |||| 00| 0 eng d | ||
| 040 |
_aNational Science Library _cNational Science Library |
||
| 080 |
_a620.91(042) _bL7 |
||
| 245 | _aEconomics of natural & environmental resources | ||
| 260 |
_aNew York: _bGordon and Breach, _c1977 |
||
| 300 | _axi, 502p. | ||
| 650 | _aEconomics | ||
| 653 | _aEnvironmental | ||
| 700 | _aSmith, Vernon L (Ed.) | ||
| 942 |
_2udc _cBK |
||
| 999 |
_c38210 _d38210 |
||